000
00301nam a2200133Ia 4500
100
_a
Hogg/R. V ;Craig/A.T
942
_c
BK
654
_a
Statistics
245
_a
Intrd. To Mathematical Statistics
260
_b
Amerind Publ. Co
_a
Delhi
_c
1972
082
_a
519.5
300
_a
415
546
_a
ENGLISH
999
_c
34444
_d
34444